000
00290 a2200145 4500
001
169736
020
_a
040
_c
Magnum
100
_a
Canton, Katia
240
1
0
_a
Espelho de artista
_l
por
245
1
0
_a
Espelho de artista
362
0
_a
1899
697
_a
BELAS ARTES
942
_c
BK
999
_c
169736
_d
169736